000 00856nam a2200253 i 4500
001 12791
003 ES-MaACL
005 20230906150412.0
007 t|
008 880608s1986 sp |||| | spa
020 _a84-7472-073-7
080 _a7.033.371
100 1 _aPavón Maldonado, Basilio.
_989689
245 1 4 _aLas almenas decorativas hispanomusulmanas /
_cpor Basilio Pavón Maldonado.
250 _a2ª ed.
260 _aMadrid :
_bInstituto Hispano-Árabe de Cultura,
_c1986.
300 _a33 p., [2] h. de lám. pleg., XVII p. de lám :
_bil ;
_c25 cm.
490 1 _aCuadernos de arte y arqueología ;
_v1
650 4 _aArte musulmán-
_zEspaña.
_910253
710 2 _aInstituto Hispano-Árabe de Cultura.
_9162165
830 1 _aCuadernos de arte y arqueología ;
_v1
_9179370
852 _aES-MaACL
_jL-19992
999 _c12791
_d12791